000 00793nas a2200265 4500
001 BR9904301
003 BR-BrBNA
005 20231205101555.0
007 ta
008 230509b bl.|||p| |||| 00| 00por d
040 _aBR-BrBNA
_bpor
_cBiblioteca Nacional de Agricultura
041 _a(Pt)
072 _aL74
100 1 _aSantos, R.L.
100 1 _aCoelho, M.I.M.
245 1 _aHipertrofia muscular intestinal idiopatica em cao: relato de caso
650 _aCao
650 _aDisturbio Fisiologico
650 _aIntestino
650 _aIleo
650 _aMinas Gerais
773 0 _tArquivo Brasileiro de Medicina Veterinaria e Zootecnia (Brazil)
_xISSN 0102-0935
_g(Oct 1998), v. 50(5) p. 525-529
_wBR9904301
909 _a202311
_bLúcia
_c55
_dLúcia Elande
942 _2AGRIS
_n0
_cANA
999 _c162620
_d162620